| 000 | 00545nam a2200193 i 4500 | ||
|---|---|---|---|
| 001 | 27670 | ||
| 003 | ES-MaACL | ||
| 005 | 20250814015819.0 | ||
| 007 | t| | ||
| 008 | 030115s1847 fr ||||1| fre d | ||
| 080 | _a58 | ||
| 100 | 1 |
_aAudouit, Edmond. _923867 |
|
| 245 | 1 | 2 |
_aL'herbier des demoiselles ou traité complet de la botannique / _cpar Edmond Audouit. |
| 260 |
_aParis : _bA. Allouard, _c1847. |
||
| 300 |
_a448 p. : _bil. ; _c24 cm. |
||
| 650 | 7 |
_aBotánica _2embne _910610 |
|
| 852 | 4 |
_aES-MaACL _jD-3416 |
|
| 999 |
_c27670 _d27670 |
||